| 000 | 01068nas a2200385 4500 | ||
|---|---|---|---|
| 001 | BR0706917 | ||
| 003 | BR-BrBNA | ||
| 005 | 20231205111322.0 | ||
| 007 | ta | ||
| 008 | 230509b bl.|||p| |||| 00| 00por d | ||
| 040 |
_aBR-BrBNA _bpor _cBiblioteca Nacional de Agricultura |
||
| 041 | _a(Pt) | ||
| 072 | _aL73 | ||
| 100 | 1 | _aHomen, V.S.F. | |
| 100 | 1 | _aHeinemann, M.B. | |
| 100 | 1 | _aMoraes, Z.M. | |
| 100 | 1 | _aVianna, M.C.B. | |
| 100 | 1 | _aSilva, J.C.R. | |
| 100 | 1 | _aSakamato, S.M. | |
| 100 | 1 | _aPinheiro, S.R. | |
| 100 | 1 | _aVeiga, J.B. | |
| 100 | 1 | _aLau, H.D. | |
| 100 | 1 | _aQuanz, D. | |
| 100 | 1 | _aTourrand, J.F. | |
| 100 | 1 | _aFerreira, F. | |
| 100 | 1 | _aFerreira Neto, J.S. | |
| 245 | 1 | _aLeptospirose Bovina em Uruará, PA, município da Amazônia Oriental | |
| 650 | _aLEPTOSPIROSE | ||
| 650 | _aBOI | ||
| 650 | _aURUARÁ | ||
| 650 | _aAMAZONIA | ||
| 773 | 0 |
_tArquivos do Instituto Biológico (Brazil) _xISSN 0020-3653 _g(Jan-Jun 2000), v. 67(1) p. 1-8 _wBR0706917 |
|
| 909 |
_a202311 _bLúcia _c55 _dLúcia Elande |
||
| 942 |
_2AGRIS _n0 _cANA |
||
| 999 |
_c192019 _d192019 |
||